000 01781cam a22004814i 4500
003 PE-LiUPU
005 20250731173349.0
008 150706s2008 xxk r 000 0 spa d
020 _a9780310268932
035 _a(Sirsi) i9780310268932
040 _aPE-LiUPU
_bspa
_cPE-LiUPU
_erda
049 _aPRUA
082 0 4 _a220.7
_bEBUL
_221
245 0 4 _aThe expositor's Bible commentary :
_bDaniel ~ Malachi /
_cTremper Longman III y David E. Garland.
264 1 _aGrand Rapids, Mich. :
_bZondervan,
_c2008.
300 _a863 páginas ;
_c24 centímetros.
336 _atext
_2rdacontent
337 _aunmediated
_2rdamedia
338 _avolume
_2rdacarrier
490 0 _aThe Expositor's Bible Commentary ;
_v8
505 0 _aDaniel -- Hosea -- Joel -- Amos -- Obadiah -- Jonah -- Micah -- Nahum -- Habakkuk -- Zephaniah -- Haggai -- Zechariah -- Malachi.
526 _aSEG42
526 _aSEG41
526 _aSEG40
526 _aSEG39
526 _aP94
526 _aP87
526 _aP86
526 _aP85
526 _aP77
526 _aP76
526 _aP35
541 _g104-9871792;
630 _aBiblia.
_pA.T.
_xComentarios.
700 1 _aGarlanad, David E.,
_eeditor.
700 1 _aLongman, Tremper,
_eeditor.
910 _agl
_bjv
_clch
_d20100215
942 _2ddc
_cBOOK
949 _a220.7 EBC 8
_wDEWEY
_c1
_i60958
_d2016-10-9
_e2016-10-5
_lCCODEBUL1
_mBUL
_n1
_p35.00
_r0
_sY
_tBOOK
_u2015-7-6
_xTEOLOGIA
_zUNKNOWN
_0COMPRA
_o.STAFF. Colección Teología
994 _aC0
_bPEPRU
596 _a1
999 _a220.7 EBC 8
_wDEWEY
_c50309
_i60958
_d50309
_e2018-9-12
_f2022-5-11
_g4
_lCCODEBUL1
_mBUL
_n2
_p35.00
_q3
_r0
_sY
_tBOOK
_u2015-7-6
_xTEOLOGIA
_PP35
_0COMPRA
_o.STAFF. Colección Teología
980 _81
_gALBERTO SANCHEZ Responsable de Automatización